Formula One Racing: Early 1990s - Statistics

General Stats
  • This quiz has been taken 38 times
  • The average score is 96 of 300
Answer Stats
# Nat. Answer % Correct
1 FRA Alain Prost
100%
27 BRA Ayrton Senna
95%
E ITA Ferrari
86%
T GBR Honda Marlboro McLaren
86%
T GBR Marlboro McLaren
86%
T GBR Marlboro McLaren Peugeot
86%
2 GBR Nigel Mansell
86%
T ITA Scuderia Ferrari
86%
T GBR Canon Williams
82%
T GBR Canon Williams Team
82%
8 GBR Damon Hill
82%
T GBR Rothmans Williams Renault
82%
GP BEL Belgian
77%
GP GBR British
77%
RT BEL Circuit de Spa-Francorchamps
77%
T ITA Lola BMS Scuderia Italia
77%
32 DEU Michael Schumacher
77%
T ITA Minardi Scuderia Italia
77%
T ITA Scuderia Italia
77%
RT GBR Silverstone Circuit
77%
RT JPN Suzuka Circuit
77%
GP USA United States
77%
GP AUS Australian
73%
RT ITA Autodromo Nazionale di Monza
73%
GP CAN Canadian
73%
E GBR Ford
73%
GP FRA French
73%
28 AUT Gerhard Berger
73%
GP DEU German
73%
11 FIN Mika Häkkinen
73%
GP ESP Spanish
73%
RT SMR Autodromo Enzo e Dino Ferrari
68%
RT BRA Autódromo José Carlos Pace
68%
GP BRA Brazilian
68%
RT CAN Circuit Gilles Villeneuve
68%
RT DEU Hockenheimring
68%
E JPN Honda
68%
GP ITA Italian
68%
GP JPN Japanese
68%
E JPN Mugen-Honda
68%
20 BRA Nelson Piquet
68%
GP SMR San Marino
68%
T GBR Benetton Formula
64%
T GBR Brabham
64%
T GBR Brabham Yamaha F1 Team
64%
T GBR Camel Benetton Ford
64%
RT FRA Circuit Paul Ricard
64%
7 AUS David Brabham
64%
39 AUS Gary Brabham
64%
E DEU Mercedes
64%
GP MEX Mexican
64%
T GBR Mild Seven Benetton Ford
64%
T GBR MRD Productions
64%
E FRA Renault
64%
T IRL Sasol Jordan
64%
T IRL Sasol Jordan Yamaha
64%
T IRL Team 7Up Jordan
64%
RT AUS Adelaide Street Circuit
59%
T GBR Braun Tyrrell Honda
59%
T GBR Camel Team Lotus
59%
RT MCO Circuit de Monaco
59%
RT FRA Circuit de Nevers Magny-Cours
59%
GP EUR European
59%
GP HUN Hungarian
59%
RT HUN Hungaroring
59%
GP MCO Monaco
59%
GP PRT Portuguese
59%
T GBR Team Castrol Lotus
59%
T GBR Team Lotus
59%
T GBR Tyrrell
59%
T GBR Tyrrell Racing Organisation
59%
RT ESP Circuit de Catalunya
55%
T ITA EuroBrun Racing
55%
4 FRA Jean Alesi
55%
T ITA Minardi Team
55%
6 ITA Riccardo Patrese
55%
3 JPN Satoru Nakajima
55%
T ITA SCM Minardi Team
55%
RT PRT Autódromo do Estoril
50%
2 GBR David Coulthard
50%
9 ITA Michele Alboreto
50%
11 FIN Mika Salo
50%
25 FRA Olivier Panis
50%
14 BRA Rubens Barrichello
50%
5 BEL Thierry Boutsen
50%
30 JPN Aguri Suzuki
45%
T CHE Broker Sauber Mercedes
45%
T ITA Central Park Modena Racing
45%
RT ESP Circuito de Jerez
45%
T GBR Footwork Arrows Racing
45%
12 GBR Johnny Herbert
45%
6 NED Jos Verstappen
45%
7 GBR Martin Brundle
45%
RT USA Phoenix Street Circuit
45%
E CHE Sauber
45%
T CHE Sauber Mercedes
45%
T CHE Team Sauber Formula One
45%
19 JPN Toshio Suzuki
45%
19 ITA Alessandro Nannini
41%
RT MEX Autódromo Hermanos Rodríguez
41%
T FRA Équipe Ligier Gitanes
41%
E ITA Lamborghini
41%
T FRA Ligier Gitanes Blondes
41%
T FRA ESPO Larrousse F1
36%
T GBR Footwork Ford
36%
T GBR Footwork Mugen Honda
36%
T GBR Footwork Porsche
36%
16 ITA Ivan Capelli
36%
36 FIN JJ Lehto
36%
RT ZAF Kyalami Grand Prix Circuit
36%
8 GBR Mark Blundell
36%
7 USA Michael Andretti
36%
C MP4/9
36%
25 ITA Nicola Larini
36%
GP PAC Pacific
36%
T GBR Pacific Grand Prix
36%
E DEU Porsche
36%
GP ZAF South African
36%
E JPN Yamaha
36%
22 ITA Andrea de Cesaris
32%
T FRA Central Park Venturi Larrousse
32%
C FW14
32%
C FW14B
32%
C MP4/5B
32%
C MP4/6
32%
C MP4/6B
32%
C MP4/7A
32%
C MP4/8
32%
E FRA Peugeot
32%
19 BRA Roberto Moreno
32%
32 AUT Roland Ratzenberger
32%
23 | 32 ITA Alessandro Zanardi
27%
T ITA Andrea Moda Formula
27%
23 BRA Christian Fittipaldi
27%
11 GBR Derek Warwick
27%
RT EUR Donington Park
27%
15 GBR Eddie Irvine
27%
21 ITA Emanuele Pirro
27%
T ITA Fondmetal Osella
27%
C FW13B
27%
C FW15C
27%
17 ITA Gabriele Tarquini
27%
21 ITA Gianni Morbidelli
27%
30 DEU Heinz-Harald Frentzen
27%
T FRA Larrousse F1
27%
T FRA Larrousse Ford
27%
E ITA Life
27%
T ITA Life Racing Engines
27%
T GBR MTV Simtek Ford
27%
T GBR Onyx Grand Prix
27%
23 ITA Pierluigi Martini
27%
35 SWE Stefan Johansson
27%
8 ITA Stefano Modena
27%
RT PAC TI Circuit Aida
27%
T AGS
23%
31 BEL Bertrand Gachot
23%
39 ITA Bruno Giacomelli
23%
T ITA Coloni
23%
T ITA Coloni Racing
23%
C FW16(B)
23%
16 AUT Karl Wendlinger
23%
T GBR March F1
23%
15 BRA Mauricio Gugelmin
23%
T ITA Subaru Coloni Racing
23%
T FRA Tourtel Larrousse F1
23%
30 JPN Ukyo Katayama
23%
C 641
18%
C 642(/2)
18%
C 643
18%
10 ITA Alex Caffi
18%
10 DEU Bernd Schneider
18%
C C12
18%
C C13
18%
29 FRA Éric Bernard
18%
26 FRA Érik Comas
18%
T ITA Fondmetal
18%
7 CHE Gregor Foitek
18%
E GBR Judd
18%
12 GBR Julian Bailey
18%
T GBR Leyton House Racing
18%
26 FRA Philippe Alliot
18%
C 191
14%
C 412T1(B)
14%
14 CHE Andrea Chiesa
14%
C BT59
14%
C BT59Y
14%
C C3B
14%
C C3C
14%
34 ITA Claudio Langes
14%
35 BEL Erik van de Poele
14%
E GBR Ilmor
14%
23 FRA Jean-Marc Gounon
14%
12 GBR Martin Donnelly
14%
19 MCO Olivier Beretta
14%
14 FRA Olivier Grouillard
14%
24 ITA Paolo Barilla
14%
31 PRT Pedro Chaves
14%
11 PRT Pedro Lamy
14%
E JPN Subaru
14%
32 JPN Taki Inoue
14%
18 FRA Yannick Dalmas
14%
C 019
9%
C 102
9%
C 102B
9%
C 102D
9%
C 192
9%
C 193
9%
C 194
9%
C A11(B)
9%
C A11C
9%
32 ITA Andrea Montermini
9%
C B189B
9%
C B190
9%
C B190B
9%
C B194
9%
C BT58
9%
C BT60B
9%
C BT60Y
9%
C C4
9%
C C4B
9%
C CG901
9%
17 ITA Emanuele Naspetti
9%
35 ITA Enrico Bertaggia
9%
C ER189B
9%
C F190
9%
C F191
9%
C F192
9%
C FA1M(E)
9%
18 ITA Fabrizio Barbazza
9%
25 FRA Franck Lagorce
9%
E GBR Hart
9%
16 NED Jan Lammers
9%
20 CHE Jean-Denis Délétraz
9%
C JH24
9%
C JH25
9%
C JH25B
9%
C JS33B
9%
C LC89B
9%
C LC90
9%
22 ITA Luca Badoer
9%
C M189
9%
C M190
9%
15 ITA Marco Apicella
9%
12 DEU Michael Bartels
9%
T GBR Monteverdi Formula One
9%
31 JPN Naoki Hattori
9%
C ORE-1(B)
9%
35 GBR Perry McCarthy
9%
11 BEL Philippe Adams
9%
C PR01
9%
C 018
5%
C 020
5%
C 020B
5%
C 020C
5%
C 021
5%
C 022
5%
C 107
5%
C 107B
5%
C 107C
5%
C 109
5%
C 291
5%
C B191
5%
C B191B
5%
C B192
5%
C B193(B)
5%
C CG911
5%
C CG911B
5%
32 ITA Domenico Schiattarella
5%
C F92A(T)
5%
C F93A
5%
C FA12(C)
5%
C FA13
5%
C FA13B
5%
C FA14
5%
C FA15
5%
C Fomet-1
5%
C GR01
5%
C GR02
5%
19 JPN Hideki Noda
5%
C JH27
5%
C JS35(B)
5%
C JS37
5%
C JS39
5%
C JS39B
5%
C L190
5%
C LC91
5%
C LC92
5%
C LH93
5%
C LH94
5%
C M191
5%
C M191B
5%
C M192
5%
C M193
5%
C M194
5%
17 FRA Paul Belmondo
5%
C S921
5%
C S941
5%
C T93/30
5%
8 ITA Giovanni Arnati
0%
No matching quizzes found
Score Distribution
Percent of People with Each Score
Percentile by Number Answered
Your Score History
You have not taken this quiz